Composite nationalism and Islam (Record no. 929)

MARC details
000 -LEADER
fixed length control field 01013 a2200265 4500
008 - FIXED-LENGTH DATA ELEMENTS--GENERAL INFORMATION
fixed length control field 080821t xxu||||| |||| 00| 0 eng d
010 ## - LIBRARY OF CONGRESS CONTROL NUMBER
LC control number ENG-85028
020 ## - INTERNATIONAL STANDARD BOOK NUMBER
International Standard Book Number 8173045909
Terms of availability 300.00
035 ## - SYSTEM CONTROL NUMBER
System control number EN-68561
037 ## - SOURCE OF ACQUISITION
Source of stock number/acquisition D.B.Act / Pub
082 ## - DEWEY DECIMAL CLASSIFICATION NUMBER
Classification number 270
100 ## - MAIN ENTRY--PERSONAL NAME
Personal name Madni, Sayyid Husain Ahmad,
245 ## - TITLE STATEMENT
Title Composite nationalism and Islam
Remainder of title Muttahidah qaumiyat aur Islam
Statement of responsibility, etc Hussain Ahmad Madani ; translated by Mohammad Anwer Hussain, Hasan Imam.
246 ## - VARYING FORM OF TITLE
Title proper/short title Muttahidah qaumiyat aur Islam
260 ## - PUBLICATION, DISTRIBUTION, ETC. (IMPRINT)
Place of publication, distribution, etc New Delhi
Name of publisher, distributor, etc Manohar Publishers and Distributors
Date of publication, distribution, etc 2005.
260 ## - PUBLICATION, DISTRIBUTION, ETC. (IMPRINT)
Name of publisher, distributor, etc Pansy Books (Vendor)
300 ## - PHYSICAL DESCRIPTION
Extent 152 p.
Dimensions 19 cm. (Hb)
520 ## - SUMMARY, ETC.
Summary, etc With reference to India.
650 ## - SUBJECT ADDED ENTRY--TOPICAL TERM
Topical term or geographic name as entry element Nationalism
General subdivision Religious aspects
Geographic subdivision India.
650 ## - SUBJECT ADDED ENTRY--TOPICAL TERM
Topical term or geographic name as entry element Muslims
Geographic subdivision India.
700 ## - ADDED ENTRY--PERSONAL NAME
Personal name Hussain, Mohammad Anwer
700 ## - ADDED ENTRY--PERSONAL NAME
Personal name Hasan Imam
942 ## - ADDED ENTRY ELEMENTS (KOHA)
Institution code [OBSOLETE] dpl
Koha item type English Books
Call number prefix 270 / MAD
Source of classification or shelving scheme Dewey Decimal Classification
Classification part 270
Call number suffix MAD
Holdings
Withdrawn status Lost status Damaged status Not for loan Home library Current library Date acquired Cost, normal purchase price Total Checkouts Full call number Barcode Date last seen Copy number Uniform Resource Identifier Cost, replacement price Price effective from Koha item type
        D.B.Act.Division D.B.Act.Division 21/08/2008 300.00   270 MAD EN-68561 15/09/2008 1 991 300.00 15/09/2008 English Books

© Delhi Public Library
Hit Counter
free hit counter